Les plus gros transferts du football - Footballeurs belges - Statistiques

Statistiques générales
  • Ce quiz a été pris 472 fois
    98 depuis la dernière actualisation
  • Le résultat moyen est 8 sur 10
Statistiques - réponses
Montant de transfert (M €) Saison Venant de Allant à Joueur % Correct
115,00 2019-2020 Chelsea Real Madrid Eden Hazard
100%
76,00 2015-2016 VfL Wolfsburg Manchester City Kevin De Bruyne
98%
113,00 2021-2022 Inter Chelsea Romelu Lukaku
97%
84,70 2017-2018 FC Everton Manchester United Romelu Lukaku
97%
74,00 2019-2020 Manchester United Inter Romelu Lukaku
97%
60,00 2023-2024 Stade Rennais Manchester City Jérémy Doku
88%
45,00 2019-2020 AS Monaco Leicester City Youri Tielemans
69%
59,35 2024-2025 FC Everton Aston Villa Amadou Onana
63%
62,10 2023-2024 Southampton Chelsea Roméo Lavia
56%
46,50 2015-2016 Aston Villa Liverpool Christian Benteke
45%
Aucun quiz correspondant
Distribution des résultats
% des personnes avec chaque résultat
Percentile par nombre de réponses
Votre historique - résultats
Vous n’avez pas pris ce quiz depuis la dernière actualisation